00985nam a2200145Ia 4500008004100000020001500041050002200056245012600078260004600204300003800250505043900288650003500727700003200762700004500794120626s2006 mx d 000 0 spa d a9706403310 aLA428 bS545 2006 aSimposio sobre educación superiorc / coordinador Ruy Pérez Tamayo , Leopoldo García-Colín Scherer, coordinadores aMéxico b : El Colegio Nacionalc, 2006 avii, 320 páginasb : gráficas aLa educación superior en la Universidad La UAM ante los retos del presente y del futuro El programa nacional de educación 2001-2006 El Instituto Politécnico Nacional La educación superior en México, retos y perspectivas de un sistema nacional Presentación del trabajo del Cinvestav El Consejo Nacional de Ciencia y Tecnología La enseñanza de las ciencias físicas (licenciatura) La física Las matemáticas  0aEDUCACIÓN SUPERIORzMÉXICO aPérez Tamayo, Ruyeeditor aGarcia-Colín Scherer, Leopoldoeeditor